Quizzes
Events
Quiz Creation
Community
Videos
Private Events
Remove Ads
Sign In
Join for FREE
Feedback
Dark Mode
Quiz Categories
Sports
Geography
Music
Movies
Television
Just For Fun
Miscellaneous
History
Literature
Language
Science
Gaming
Entertainment
Religion
Holiday
For Kids
Quiz Lab
Recent
Popular Today
Quiz Kudos Today
Editor Picks
Curator Picks
Quizzes by...
Day
Popularity
Type
Ratings
Length
Year
Community
Subscriptions
Recent Discussions
Orange Saloon
Badges
Playlists
Quests
Create
Leaderboards
Showdown
Live 5
Trivia Bingo
Activity
Puzzle Library
Sporcle Events
Private Events
Virtual Trivia
Globe League
Become a Host
Pub Owners
SporcleCon
Opinionation
Our Games
Videos
Blog
Mobile Apps
Partnerships
Remove Ads and Go Orange
Feedback
Miscellaneous
Crossword
General Knowledge
Baby Names
Logo
Food
Cars
Numbers
Grab Bag
University
College
Popular
Company
Slogans
Restaurants
Justice
Letter
Miscellaneous
Crossword
General Knowledge
Baby Names
Logo
Food
Cars
Numbers
Grab Bag
University
College
Popular
Company
Slogans
Restaurants
Justice
Letter
Random Quiz
Search Sporcle
×
Quiz Lab
Quiz Lab
Miscellaneous
Company
Type in answers that appear in a list
Type in answers that appear in a list
Classic
Best Score? Go Orange.
Companies with the most US Patents in 2010 Stats
Can you name the companies who were assigned the most US patents in 2010?
By
bac
8m
50 Questions
96 Plays
96 Plays
96 Plays
Comments
Comments
Give Quiz Kudos
Give Quiz Kudos
-
- Ratings
hide this ad
Replay
Link that replays current quiz
Next Quiz
Link to next quiz in quiz playlist
You Got
0%
They Got
Avg Score
25%
Avg Friend Score
Upgrade to see
Score Distribution
Jump to the score distribution portion of the page
Score
0/50
Timer
08:00
0
Plays Today
Rank (#patents)
Company
% Correct
46. (563)
Apple
85.4%
3. (3094)
Microsoft
76%
7. (2150)
Sony
75%
2. (4551)
Samsung Electronics
69.8%
30. (802)
Toyota
61.5%
1. (5896)
IBM
57.3%
22. (942)
GM Global Technology Operations
54.2%
15. (1225)
General Electric
52.1%
18. (1050)
Honda
50%
33. (760)
Nokia
46.9%
10. (1480)
Hewlett Packard
42.7%
37. (700)
Mitsubishi
41.7%
9. (1490)
LG Electronics
40.6%
35. (738)
LG Display
40.6%
6. (2246)
Toshiba
34.4%
8. (1653)
Intel
34.4%
5. (2482)
Panasonic
30.2%
40. (662)
Boeing
28.1%
24. (873)
Siemens
25%
19. (1041)
Fujifilm
24%
45. (574)
Fuji Xerox
24%
11. (1460)
Hitachi
22.9%
17. (1115)
Cisco Systems
20.8%
43. (646)
Oracle/Sun Microsystems
20.8%
29. (818)
Sharp
19.8%
Rank (#patents)
Company
% Correct
4. (2552)
Canon
18.8%
25. (858)
Xerox
17.7%
49. (496)
3M
17.7%
48. (504)
Sanyo Electric
15.6%
38. (685)
Philips Electronics
14.6%
39. (680)
NEC
14.6%
14. (1296)
Fujitsu
13.5%
27. (829)
Texas Instruments
13.5%
47. (509)
DuPont
11.5%
12. (1443)
Seiko Epson
10.4%
16. (1200)
Ricoh
8.3%
32. (771)
Brother
8.3%
41. (657)
Qualcomm
7.3%
44. (593)
Bosch
7.3%
36. (734)
Semiconductor Energy Laboratory
6.3%
26. (853)
Denso
5.2%
28. (824)
Honeywell International
5.2%
13. (1438)
Hon Hai Precision Industry
4.2%
21. (958)
Broadcom
4.2%
23. (917)
Micron Technology
4.2%
42. (649)
SAP
4.2%
20. (973)
Hynix Semiconductor
1%
31. (774)
Infineon Technologies
1%
34. (752)
Silverbrook Research
1%
50. (494)
Freescale Semiconductor
1%
Quiz Playlist
Details
Report
Send in Message
Add To Playlist
Classic:
Type in answers that appear in a list
Quiz Source
Last Updated: Feb 16, 2017
Quiz Scoreboard
CHALLENGE
Sign Up to Join the Scoreboard
Show All
Scores
Hide
Comments
May contain spoilers
Recently Published
Billboard Blitz: Fleetwood Mac
by CooCooCachoo
Music
15s
Presidents Visiting Landmarks
by Hejman
History
7m
An Introduction to Baseball
by treessimontrees
Sports
5m
More to Explore
Quiz From the Vault
Featured Blog Post
Where Did the Easter Bunny Come From?
hide this ad
You Might Also Like...
Tags
Company Quiz
2010
Assigned
Headquarters
patent
Today's Top Quizzes in Miscellaneous
Browse Miscellaneous
hide this ad
Today's Top Quizzes in Company
Browse Company
Top Contributed Quizzes in Miscellaneous
1
5-to-1: Fast Food
2
The JOE quick-fire general knowledge quiz: Day 174
3
The JOE quick-fire general knowledge quiz: Day 173
4
5-to-1: Cocktails
5
The JOE quick-fire general knowledge quiz: Day 172
6
Sunday Crossword: Famous Bodies of Water
7
One Thing in Common: United Kingdom II
8
The JOE quick-fire general knowledge quiz: Day 171
9
Named After an Animal - Odd One Out!
10
The JOE quick-fire quiz: Day 170
Explore More
Trending Topics
Kpop
Marvel
Anime
Crossword
Harry Potter
NBA
Disney
WWE
Country
Song
Pokémon
The Office
Soccer
NFL
Puzzle
hide this ad
More By:
bac
Quiz
Plays
Rating
Category
Featured
Created
South of the Equator Minefield
192,707
4.38
Geography
Jul 11, 2011
Countries Without SPORCLE
118,398
4.35
Geography
Oct 16, 2009
Gemini Astronauts
10,512
4.60
History
Oct 5, 2009
NHL Art Ross Trophy Winners (Clickable MINES)
8,707
1.92
Sports
Apr 7, 2012
Combination Lock: NASA Apollo Crews
4,977
4.49
Science
Jul 6, 2011
Go to Creator's Profile
Score Distribution
Quiz Creator Spotlight
bac
Follow
Send a Message
Quizzes Created
-
Created Quiz Play Count
-
More By This Creator
Popular Quizzes Today
1
Find the US States - No Outlines Minefield
2
Find the Countries of Europe - No Outlines Minefield
3
The Countries of the World
4
Find the US States
5
Popular People in 1961
6
US States
7
Risky Map Clicking: Biggest States A-Z
8
Movies - When Are They Set?
More Miscellaneous Quizzes
Badly Drawn Stuff
Published
Trending Quizzes
Risky Map Clicking: Least Populous States A-Z
1-10 Letter G Words
1-10 Letter F Words
Risky Map Clicking: Next State Alphabetically
'A' Boys' Names Grid
Recently Updated
Leaping Animals
pecheneg
Reality TV Shows (A-Z)
bhenderson79
Rickey Henderson's Hall of Fame Teammates
pecheneg
Champions League XIs: Arsenal
pecheneg
Quick Pick: Celebrities in WWE's Hall of Fame
aduchscher
A-Z Keypad Blitz II
pecheneg
Multiple Oscar Actors
pecheneg
Mystery Phrase Blitz: Oscar 'Best Actors'
pecheneg
F. Scott Fitzgerald Novels
LTH
Pick 3 Villains
ddd62291
Trending Topics
Harry Potter
NBA
Anime
Disney
Marvel
Kpop
Crossword
Pokémon
Puzzle
Soccer
The Office
Song
WWE
NFL
Country
Your Account Isn't Verified!
In order to create a playlist on Sporcle, you need to verify the email address you used during registration. Go to your
Sporcle Settings
to finish the process.
Report this User
Report this user for behavior that violates our
Community Guidelines
.
Details:
Send Report
Go to the Sporcle.com Mobile Site →
Comments